Novoregistrované kultivary cibule a rajčiakov v r. 1998

Bibliographic Details
Main Author: Lazanová, Eva (Author)
Format: Article
Language:Slovak
PhysicalDescription:Tab.
ISSN:1211-0922
Subjects:

MARC

LEADER 00000nab a2200000 a 4500
001 vtls000673206
003 SK-MaSNL
005 20260302190723.0
008 180206c1998 xo 0 slo
015 |a SNBRB1998/09-27096 
035 |a CLN000025382 
040 |a SNKBUCL  |b slo  |c SNKBUCL  |e AACR2 
041 0 |a slo 
044 |a xo  |c SK 
080 |a 635.25:631.526  |2 UDC-MRF-SK2 
080 |a 635.64  |2 UDC-MRF-SK2 
080 |a 631.526  |2 UDC-MRF-SK2 
100 1 |a Lazanová, Eva  |4 aut  |9 797120 
245 1 0 |a Novoregistrované kultivary cibule a rajčiakov v r. 1998  |c Eva Lazanová 
300 |b Tab. 
650 0 7 |a cibuľa  |x rajčiaky  |x kultivary  |y 1998  |2 snkbucl  |9 905186 
650 0 7 |a rajčiny  |2 snkbucl  |9 919 
655 7 |a články z novín a časopisov  |2 snkbucl  |9 267496 
773 0 |x 1211-0922  |t Zahradnictví  |g Roč. 23, č. 8 (1998), s. 6-7 
850 |a Slovenská národná knižnica v Martine 
852 |a SNK  |b KIS3GCP 
958 |a RBX 
999 |c 1434591  |d 1436521